000 00549nam a2200229Ia 4500
003 OSt
005 20221005122143.0
006 a|||||r|||| 00| 0
007 ta
008 221004b |||||||| |||| 00| 0 tam d
024 _a46916
037 _cTextual
040 _aCRL
_cCRL
_btam
041 _2tam
_atam
082 _aO31:g, L3
245 0 _aInthavathu karutha rangu ayvu k kovai
260 _c1973
300 _a836p.
_ccm.
650 _aTAMIL LITERATURE
942 _hO31:g, L3
_cTEXL
_2cc
999 _c1043427
_d1043427